LIBRARY & INFORMATION CENTRE, KCAET, TAVANUR

ONLINE PUBLIC ACCESS CATALOGUE (OPAC)

Adam in moonshine / (Record no. 4700)

MARC details
000 -LEADER
fixed length control field 00362cam a2200145ua 4500
041 ## - LANGUAGE CODE
Language code of text/sound track or separate title eng
082 ## - DEWEY DECIMAL CLASSIFICATION NUMBER
Classification number 823.308
Item number PRI/AD
100 ## - MAIN ENTRY--AUTHOR NAME
Personal name Priestley, J B .
245 ## - TITLE STATEMENT
Title Adam in moonshine /
260 ## - PUBLICATION, DISTRIBUTION, ETC. (IMPRINT)
Place of publication Melbourne :
Name of publisher William Heinemann Ltd ,
Year of publication 1952.
300 ## - PHYSICAL DESCRIPTION
Number of Pages 195 ; .
942 ## - ADDED ENTRY ELEMENTS (KOHA)
Koha item type Books
Holdings
Withdrawn status Lost status Damaged status Home library Current library Date acquired Full call number Accession Number Koha item type Public note
Withdrawn     KAUAET Sanskrit University 07/04/2012 823.308 6119 Books Transferred to Sanskrit University
free website counter